| 000 | 00666cam a2200193 4500 | ||
|---|---|---|---|
| 001 | D2850 | ||
| 008 | 090401t1981 xxu||||| |||| 00| 0 eng d | ||
| 035 | _a(Sirsi) u70926 | ||
| 041 | _aeng | ||
| 050 | _a711.558 | ||
| 110 |
_aCountryside Commission _92820 |
||
| 245 | _aCountryside management in the urban fringe: a report on experiments sponsored jointly by the GLC, Hertfordshire County Council, the London Borough of Barnet and the London Borough of Havering | ||
| 260 |
_aCheltenham, Glos _bCountryside Commission _c1981 |
||
| 300 | _aviii. 135p. 30cm | ||
| 350 | _a10.3 | ||
| 490 |
_aCountryside Commission Paper _v136 |
||
| 942 | _n0 | ||
| 948 | _c04/03/1997 | ||
| 999 |
_c95362 _d95362 |
||